000 01666nam a2200241Ia 4500
008 260220t1985||||xx |||||||||||||| ||spa||
040 _aPY-SlUNAC
_bspa
_erda
041 _aspa
082 _a843
_bB386s
100 _aBeauvoir, Simone de
_eAutor
245 0 _aLa sangre de los otros /
_cpor Simone de Beauvoir [Autor]
264 _aBarcelona :
_bSeix Barral,
_c℗1985.
300 _a1 volumen
520 _a"La sangre de los otros" de Simone de Beauvoir es una novela que aborda las complejidades de la guerra, la libertad y la responsabilidad individual en el contexto de la ocupación nazi en Francia durante la Segunda Guerra Mundial. A través de la vida de sus personajes principales, como el joven filósofo de izquierda Jean Blomart y su amante, la activista Hélène, la autora explora los dilemas morales y las decisiones difíciles que enfrentan aquellos que luchan por la justicia en tiempos de opresión. La obra destaca la lucha interna entre el amor y el deber, así como la traición y la lealtad, reflejando la angustia de una generación marcada por el conflicto. Beauvoir utiliza un estilo narrativo introspectivo y profundo, invitando al lector a reflexionar sobre el sentido de la vida y el compromiso político. Así, la novela no solo ofrece una crítica a la guerra, sino que también plantea interrogantes sobre la condición humana y la necesidad de actuar en nombre de los demás.
653 _aExistencialismo
653 _aFeminismo
653 _aFilosofía
942 _b2026/02/17
_cBK
999 _c9143
_d9143